000
00232nam a2200097Ia 4500
008
220204s9999 xx 000 0 und d
082
_a
NR:62:006.73
_b
SMR
245
0
_a
SMR packing methods
260
_a
Kuala Lumpur
_b
RRIM
942
_c
BK
999
_c
43407
_d
43407